| LEADER 00000nam 2200000uu 4500 |
| 001 211683 |
| 003 ULIBM |
| 008 170717s||||||||th 000 0 tha d |
| 020 ^a9789740335504
|
| 060 04 ^aWD200.5.H8^bว663ภ 2559
|
| 100 0 ^aวิมล พันธุเวทย์
|
| 245 10 ^aภาวะไขมันในเลือดผิดปกติ =^bDyslipidemia /^cวิมล พันธุเวทย์
|
| 246 31 ^aDyslipidemia
|
| 250 ^aพิมพ์ครั้งที่ 1
|
| 260 ^aกรุงเทพฯ :^bสำนักพิมพ์แห่งจุฬาลงกรณ์มหาวิทยาลัย,^c2559, [2016]
|
| 300 ^a236, [2] หน้า :^bภาพประกอบ ;^c26 ซม.
|
| 650 2 ^aCholesterol
|
| 650 2 ^aLipoproteins
|
| 650 2 ^aDyslipidemias
|
| 650 4 ^aโคเลสเตอรอล^xความผิดปกติ
|
| 650 4 ^aโคเลสเตอรอล
|
| 650 4 ^aไลโปโปรตีน
|
| 856 ^zภาวะไขมันในเลือดผิดปกติ.pdf (สารบัญหนังสือ)^uhttp://122.155.223.194/ULIB62015//_fulltext/5/211683/20170723085959_961.pdf |
| 999 ^aใช้งานได้ทุกระบบ
|